All Cities in Suriname - Statistics

General Stats
  • This quiz has been taken 33 times
  • The average score is 6 of 27
Answer Stats
Answer Population % Correct
Paramaribo 240,924
100%
Nieuw Amsterdam 5,650
56%
Nieuw Nickerie 12,818
44%
Saramacca Polder 10,217
44%
Brokopondo 4,482
33%
Groningen 2,818
33%
Albina 5,247
22%
Lelydorp 18,663
22%
Meerzorg 12,405
22%
Moengo 10,834
22%
Oostelijke Polders 7,153
22%
Smal-Kalden-Paranam 8,016
22%
Wageningen 2,937
22%
Westelijke Polders 8,616
22%
De Nieuwe Grond 26,161
11%
Houttuin 15,656
11%
Koewarasan 27,713
11%
Kwatta 14,151
11%
Onverwacht 6,113
11%
Para Noord 9,703
11%
Totness 2,150
11%
Brownsweg 4,793
0%
Domburg 5,661
0%
Groot Henar 2,709
0%
Jarikaba 5,963
0%
Mariënburg 5,561
0%
Tamanredjo 6,601
0%
No matching quizzes found
Score Distribution
Percent of People with Each Score
Percentile by Number Answered
Your Score History
You have not taken this quiz